|
|
|
|
| LEADER |
00000cas a22000005a 4500 |
| 001 |
vtls008420244 |
| 003 |
SK-MaSNL |
| 005 |
20260228161031.0 |
| 008 |
140926c19952007xo mr|p 0 b0slo |
| 040 |
|
|
|a SVKPO
|b slo
|c SVKPO
|d SNK
|
| 041 |
0 |
|
|a slo
|
| 044 |
|
|
|a xo
|c SK
|
| 072 |
|
7 |
|a 338.3/.4
|x Hospodárske a výrobné odvetvia
|2 konspekt
|
| 072 |
|
7 |
|a 66
|x Chemický priemysel. Chemická technológia
|2 konspekt
|
| 080 |
|
|
|a 66
|2 2001
|
| 080 |
|
|
|a 050
|2 2001
|
| 080 |
|
|
|a 070.48
|2 MDT-MRF
|
| 080 |
|
|
|a 338/45
|2 2001
|
| 245 |
0 |
0 |
|a Chemes
|b časopis pre zamestnancov akciovej spoločnosti Chemes Humenné
|
| 246 |
2 |
2 |
|a Časopis Chemes
|b časopis o ľuďoch a udalostiach v priemyselnej zóne Chemes
|f 2003-2007
|
| 260 |
|
|
|a Humenné
|b Chemes
|c 1995-2007
|
| 300 |
|
|
|a 13 zv.
|c 30 cm
|
| 310 |
|
|
|a 6x ročne
|b 2003-2007
|
| 321 |
|
|
|a 1x mesačne
|b 1995-2002
|
| 362 |
0 |
|
|a Roč. XXX, č. 1 (jan. 1995)-roč. 42 (nov.-dec. 2007)
|
| 500 |
|
|
|a Ved. red.: 1995-1996, Ján Vitoslavský; 1997-2007, Boris Voroňák
|
| 500 |
|
|
|a Registač. číslo: VKP 5
|
| 500 |
|
|
|a Zmena podnázvu: od 1/1997 : mesačník zamestnancov Chemos, a.s., Humenné
|
| 515 |
|
|
|a Niektoré čísla vychádzajú ako dvojčíslo
|
| 650 |
0 |
7 |
|a chemický priemysel
|2 SNKPH
|9 69615
|
| 655 |
|
7 |
|a podnikové periodiká
|2 SNKPH
|9 132333
|
| 700 |
1 |
|
|a Voroňák, Boris,
|d 1941-2025
|4 pbd
|9 255858
|
| 700 |
1 |
|
|a Vitoslavský, Ján
|4 pbd
|9 265649
|
| 780 |
0 |
0 |
|t Chemlon Chemes
|w vtls009496001
|
| 780 |
0 |
0 |
|t Chemlon
|x 1210-2229
|w vtls009495991
|
| 850 |
|
|
|a Štátna vedecká knižnica v Prešove
|
| 910 |
|
|
|a snk
|
| 916 |
|
|
|a 1995-2007
|
| 958 |
|
|
|a OND
|
| 999 |
|
|
|c 4142
|d 6072
|
| 952 |
|
|
|0 0
|1 0
|4 0
|7 0
|a SNK
|b SNK
|d 2014-09-25
|f 1
|i snkČSP 3164/99
|l 0
|o snkČSA 704/30/1995
|p 17A0790442
|r 2026-02-21 19:33:53
|t č. 1-12
|w 2026-02-21
|y PREZ
|
| 952 |
|
|
|0 0
|1 0
|4 0
|7 0
|8 0
|a SNK
|b SNK
|d 2014-09-25
|f 1
|i snk2014/19687
|l 0
|o snkČSA 704/35/2000
|p 17A1095787
|r 2026-02-21 19:33:53
|t č. 1-11
|w 2026-02-21
|y PREZ
|
| 952 |
|
|
|0 0
|1 0
|4 0
|7 0
|8 0
|a SNK
|b SNK
|d 2014-09-25
|f 1
|i snk2014/19688
|l 0
|o snkČSA 704/36/2001
|p 17A1095788
|r 2026-02-21 19:33:53
|t č. 1-10
|w 2026-02-21
|y PREZ
|
| 952 |
|
|
|0 0
|1 0
|4 0
|7 0
|8 0
|a SNK
|b SNK
|d 2014-09-25
|f 1
|i snk2014/19689
|l 0
|o snkČSA 704/37/2002
|p 17A1095789
|r 2026-02-21 19:33:53
|t č. 1-12
|w 2026-02-21
|y PREZ
|
| 952 |
|
|
|0 0
|1 0
|4 0
|7 0
|8 0
|a SNK
|b SNK
|d 2014-09-25
|f 1
|i snk2014/19691
|l 0
|o snkČSA 704/38/2003
|p 17A1095790
|r 2026-02-21 19:33:53
|t jan.-dec.
|w 2026-02-21
|y PREZ
|
| 952 |
|
|
|0 0
|1 0
|4 0
|7 0
|8 0
|a SNK
|b SNK
|d 2014-09-25
|f 1
|i snk2014/19692
|l 0
|o snkČSA 704/39/2004
|p 17A1095791
|r 2026-02-21 19:33:53
|t jan.-dec.
|w 2026-02-21
|y PREZ
|
| 952 |
|
|
|0 0
|1 0
|4 0
|7 0
|8 0
|a SNK
|b SNK
|d 2014-09-25
|f 1
|i snk2014/19693
|l 0
|o snkČSA 704/40/2005
|p 17A1095792
|r 2026-02-21 19:33:53
|t č. 1-12
|w 2026-02-21
|y PREZ
|
| 952 |
|
|
|0 0
|1 0
|4 0
|7 0
|8 0
|a SNK
|b SNK
|d 2014-09-25
|f 1
|i snk2014/19694
|l 0
|o snkČSA 704/41/2006
|p 17A1095793
|r 2026-02-21 19:33:53
|t jan.-nov.
|w 2026-02-21
|y PREZ
|
| 952 |
|
|
|0 0
|1 0
|4 0
|7 0
|8 0
|a SNK
|b SNK
|d 2014-09-25
|f 1
|i snk2014/19695
|l 0
|o snkČSA 704/42/2006-2007
|p 17A1095794
|r 2026-02-21 19:33:58
|t č. dec. 2006-dec. 2007
|w 2026-02-21
|y PREZ
|
| 952 |
|
|
|0 0
|1 0
|4 0
|7 0
|a SNK
|b SNK
|d 2014-09-25
|f 1
|i snkČSP 2343/2000
|l 0
|o snkČSA 704/31/1996
|p 17A0790269
|r 2026-02-21 21:44:27
|t č. 1-12
|w 2026-02-21
|y PREZ
|
| 952 |
|
|
|0 0
|1 0
|4 0
|7 0
|a SNK
|b SNK
|d 2014-09-25
|f 1
|i snkČSP 3168/99
|l 0
|o snkČSA 704/32/1997
|p 17A0790268
|r 2026-02-21 21:44:27
|t č. 1-12
|w 2026-02-21
|y PREZ
|
| 952 |
|
|
|0 0
|1 0
|4 0
|7 0
|a SNK
|b SNK
|d 2014-09-25
|f 1
|i snkČSP 3166/99
|l 0
|o snkČSA 704/33/1998
|p 17A0790267
|r 2026-02-21 21:44:27
|t č. 1-12
|w 2026-02-21
|y PREZ
|
| 952 |
|
|
|0 0
|1 0
|4 0
|7 0
|8 0
|a SNK
|b SNK
|d 2014-09-25
|f 1
|i snk2014/19685
|l 0
|o snkČSA 704/34/1999
|p 17A1095786
|r 2026-02-21 21:44:27
|t č. 1-12
|w 2026-02-21
|y PREZ
|